| 000 | 00611nam a22001937a 4500 | ||
|---|---|---|---|
| 005 | 20170609130144.0 | ||
| 010 | _aENG-118607 | ||
| 020 |
_a9788120352582 _c525.00 |
||
| 035 | _aEN-102139 | ||
| 037 | _bDBAD/PUB | ||
| 082 | _a625.850954 | ||
| 100 | _aKandhal,Prithvi Singh | ||
| 245 |
_aBituminous road contraction in India / _cby Prithvi Singh Kandhal |
||
| 260 |
_aNew Delhi _b PHI Learning _c2016 |
||
| 270 |
_aRimjhim House, 111, Patparganj Industrial Estate _bDelhi _e110092 |
||
| 300 |
_axv,400p.: _c24cm(pbk) _bill. |
||
| 500 | _aIncludes index | ||
| 942 |
_2ddc _cEN _mKAN _h625.850954 |
||
| 999 |
_c140954 _d140954 |
||